Problematika zákona o zahraničných Maďaroch vo vzťahu k Slovenskej republike

Dňa 1.1.2002 vstúpil do platnosti kontroverzný zákon Maďarskej republiky o zahraničných krajanoch, ktorý svojou exteritorialitou narušuje suverenitu niektorých štátov, vrátane Slovenskej republiky. Priblíženie problému krajanského zákona a s tým súvisiaci postoj Slovenskej republiky, ktorej sa bezpr...

Ausführliche Beschreibung

Gespeichert in:
Bibliographische Detailangaben
1. Verfasser: Sviatko, Michal
Format: Buchkapitel
Sprache:Slowakisch
Schlagworte:
Tags: Tag hinzufügen
Keine Tags, Fügen Sie das erste Tag hinzu!

MARC

LEADER 00000naa a2200000 4500
001 r044569
005 20231004105144.0
041 0 |a slo 
044 |a CZ 
245 1 0 |a Problematika zákona o zahraničných Maďaroch vo vzťahu k Slovenskej republike  |c Michal Sviatko 
520 |a Dňa 1.1.2002 vstúpil do platnosti kontroverzný zákon Maďarskej republiky o zahraničných krajanoch, ktorý svojou exteritorialitou narušuje suverenitu niektorých štátov, vrátane Slovenskej republiky. Priblíženie problému krajanského zákona a s tým súvisiaci postoj Slovenskej republiky, ktorej sa bezprostredne zákon dotýka. 
610 2 0 |a vzťahy politické medzinárodné 
610 2 0 |a politika vnútorná 
610 2 0 |a Maďarsko 
610 2 0 |a Slovensko 
610 2 0 |a menšiny národnostné 
610 2 0 |a zákony 
100 1 |a Sviatko, Michal